Normal view
MARC view
- पाटील, रा. अ. संपा
Entry Personal Name
001 - CONTROL NUMBER
- control field: 78356
003 - CONTROL NUMBER IDENTIFIER
- control field: OSt
005 - DATE AND TIME OF LATEST TRANSACTION
- control field: 20220806113603.0
008 - FIXED-LENGTH DATA ELEMENTS
- fixed length control field: 220806|| aca||aabn | a|a d
040 ## - CATALOGING SOURCE
- Original cataloging agency: OSt
- Transcribing agency: OSt
100 ## - HEADING--PERSONAL NAME
- Personal name: पाटील, रा. अ. संपा
670 ## - SOURCE DATA FOUND
- Source citation: Work cat.: (OSt)43421: पाटील, रा. अ. संपा., संशोधन मुद्रा (मराठी, हिंदी आणि इंग्लिश भाषेतील संशोधनाचा संधी), 2016